Statistics for Every Al Green song that hit the Billboard hot 100

Click here to take the quiz!

General Stats

  • This quiz has been taken 4 times
  • The average score is 9 of 20

Answer Stats

Peak Chart PositionYearSong% Correct
11972Let's Stay Together
100%
101973Call Me (Come Back Home)
75%
131975L-O-V-E (Love)
75%
111971Tired Of Being Alone
75%
831978Belle
75%
71974Sha-La-La (Make Me Happy)
50%
41972Look What You Done For Me
50%
31972You Ought To Be With Me
50%
281975Full Of Fire
50%
321974Let's Get Married
50%
601971I Can't Get Next To You
50%
711973Hot Wire
50%
91989Put A Little Love In Your Heart
25%
31972I'm Still In Love With You
25%
371977Keep Me Cryin'
25%
411968Back Up Train
25%
481975Oh Me, Oh My (Dreams In My Arms)
25%
691972Guilty
25%
191974Livin' For You
25%
101973Here I Am Come & Take Me
0%

Score Distribution

Percentile by Number Answered

Percent of People with Each Score

Your Score History

You have not taken this quiz